000 00302nam a22001337a 4500
020 _a978-0-7166-2274-1
082 _a001
_bCAR/W
100 _aCARRIGAN, MELLONEE
245 _aWHO WE ARE
260 _aUSA
_bWORLD BOOKS INC
_c2013
300 _a192
650 _aENCYCLOPEDIA SCIENCE
_zINDIA
942 _cBK
999 _c1823
_d1823